| Tag |
First Indicator |
Second Indicator |
Subfields |
| LEADER |
00000cam a2200000 a 4500 |
| 001 |
in00000018315 |
| 005 |
20151007053217.0 |
| 008 |
860925s1985 caua b 00000 eng d |
| 020 |
|
|
|a 0961627026
|
| 035 |
|
|
|a (OCoLC)14264883
|
| 035 |
|
|
|9 AAB0803AM
|
| 040 |
|
|
|a CSA
|c CSA
|d TXA
|d UtOrBLW
|
| 049 |
|
|
|a TXAM
|c [A11071875]
|
| 050 |
|
4 |
|a RA643
|b .I54 1985
|
| 245 |
0 |
0 |
|a Infectious diseases update :
|b selected viral diseases: hepatitis, herpes, CMV, AIDS /
|c written and produced by the Alliance for School Health: Wilma Bower [and others].
|
| 250 |
|
|
|a Rev.
|
| 264 |
|
1 |
|a Fair Oaks, CA :
|b Alliance for School Health,
|c [1985]
|
| 264 |
|
4 |
|c ©1985
|
| 300 |
|
|
|a 21 pages :
|b illustrations ;
|c 28 cm. +
|e 2 charts
|
| 336 |
|
|
|a text
|b txt
|2 rdacontent
|
| 337 |
|
|
|a unmediated
|b n
|2 rdamedia
|
| 338 |
|
|
|a volume
|b nc
|2 rdacarrier
|
| 490 |
1 |
|
|a Current issues in school and community health ;
|v v.1
|
| 504 |
|
|
|a Bibliography: page 19.
|
| 500 |
|
|
|a Cover title.
|
| 500 |
|
|
|a Charts accompanying text (one folded) are housed in pocket.
|
| 650 |
|
0 |
|a Communicable diseases
|x Prevention.
|
| 650 |
|
0 |
|a Hepatitis.
|
| 650 |
|
0 |
|a Herpesvirus diseases.
|
| 650 |
|
0 |
|a Cytomegaloviruses.
|
| 650 |
|
0 |
|a AIDS (Disease)
|
| 700 |
1 |
|
|a Bower, Wilma.
|
| 710 |
2 |
|
|a Alliance for School Health.
|
| 830 |
|
0 |
|a Current issues in school and community health ;
|v v.1.
|
| 999 |
|
|
|a MARS
|
| 999 |
f |
f |
|s d22da092-627f-3194-8e89-88161e653122
|i 754ce2dc-e42b-3637-9468-19aeaff61e28
|t 0
|
| 952 |
f |
f |
|p ric
|a Texas A&M University
|b Rellis Campus
|c Joint Library Facility
|d Remote Storage
|t 0
|e RA643 .I54 1985
|h Library of Congress classification
|i unmediated -- volume
|m A14811071875
|
| 998 |
f |
f |
|a RA643 .I54 1985
|t 0
|l Remote Storage
|